[Event "Borisoglebsk Autumn op"]
[Site "Borisoglebsk"]
[Date "2013.09.08"]
[Round "6"]
[White "Pchelintsev, Anton"]
[Black "Aistova, Svetlana"]
[Result "0-1"]
[WhiteElo "1726"]
[BlackElo "1656"]
[PlyCount "76"]
[EventDate "2013.09.06"]
[EventType "swiss"]
[EventRounds "7"]
[EventCountry "RUS"]
[SourceTitle "CBM 156 Extra"]
[Source "ChessBase"]
[SourceDate "2013.10.22"]
[SourceVersion "1"]
[SourceVersionDate "2013.10.22"]
[SourceQuality "1"]

1. d4 e6 2. c4 Nc6 3. Nf3 Nf6 4. Nc3 Bb4 5. Bd2 0-0 6. a3 Bxc3 7. Bxc3 d5 8. e3 Bd7 9. Bd3 Re8 10. 0-0 Rb8 11. cxd5 exd5 12. Qc2 Ne4 13. Nd2 f5 14. f3 Nxc3 15. bxc3 Rxe3 16. f4 Qf6 17. Nf3 Rf8 18. Ne5 Nxe5 19. dxe5 Qb6 20. Kh1 Bb5 21. c4 Bxc4 22. Bxc4 dxc4 23. Qxc4+ Kh8 24. Rad1 Re4 25. Qf7 Rb8 26. Rd7 Qg6 27. Rxc7 Re2 28. Qxg6 hxg6 29. Rd1 Rb2 30. g3 Ra2 31. Re1 Rd8 32. Rec1 Rdd2 33. Rxb7 Rdb2 34. Kg1 Rg2+ 35. Kf1 Rgf2+ 36. Ke1 Rfe2+ 37. Kd1 Rg2 38. Ke1 Rg1# 0-1

[Event "Borisoglebsk Summer op"]
[Site "Borisoglebsk"]
[Date "2013.07.01"]
[Round "7"]
[White "Aistova, Svetlana"]
[Black "Timofeev, Vladimir Yu"]
[Result "1-0"]
[WhiteElo "1685"]
[BlackElo "1859"]
[PlyCount "54"]
[EventDate "2013.06.28"]
[EventType "swiss"]
[EventRounds "7"]
[EventCountry "RUS"]
[SourceTitle "EXT 2014"]
[Source "ChessBase"]
[SourceDate "2013.11.20"]
[SourceVersion "1"]
[SourceVersionDate "2013.11.20"]
[SourceQuality "1"]

1. e4 d5 2. e5 d4 3. Nf3 Bg4 4. h3 Bxf3 5. Qxf3 Nc6 6. Bb5 Qd7 7. 0-0 a6 8. Bxc6 Qxc6 9. Qxc6+ bxc6 10. a3 e6 11. d3 h6 12. Nd2 Bb4 13. Nb3 Ne7 14. Nxd4 c5 15. Nb3 a5 16. Kh1 c4 17. dxc4 Nc6 18. axb4 Nxb4 19. Rxa5 Rxa5 20. Nxa5 Nxc2 21. Rd1 0-0 22. Nc6 g6 23. Rd7 Ra8 24. Kh2 Ra1 25. Bxh6 Ra8 26. Rxc7 Ne1 27. Rd7 Nc2 1-0